| 000 | 00734nam a2200217Ia 4500 | ||
|---|---|---|---|
| 003 | GCL | ||
| 008 | 140319s9999 xx 000 0 ara d | ||
| 040 |
_aGCL / _cGCL |
||
| 082 | 0 | 4 |
_a791.43 _bح س |
| 100 | 1 | _aحسن عطية | |
| 245 | 1 | 0 |
_aسناء جميل زهرة صبار 00 قمرية / _cحسن عطية |
| 250 | _aالاولى | ||
| 260 |
_aالقاهرة : _bوزارة الثقافة - صندوق التنمية الثقافية |
||
| 300 |
_a78ص ؛ _c20سم |
||
| 650 | 0 | 4 | _aالسينما |
| 650 | 0 | 4 | _aالسينما - تراجم |
| 650 | 0 | 4 | _aالممثلون والممثلات المصريون |
| 650 | 0 | 4 | _aالممثلون والممثلات فى الفن |
| 650 | 0 | 4 | _aسناء جميل |
| 942 |
_2ddc _cBK |
||
| 999 |
_c7796 _d7796 |
||